Lectura básica: teorías y técnicas
Na minha lista:
| Autor principal: | |
|---|---|
| Formato: | Livro |
| Idioma: | espanhol |
| Publicado em: |
Santiago
Universidad Católica de chile
1976
|
| Assuntos: | |
| Tags: |
Adicionar Tag
Sem tags, seja o primeiro a adicionar uma tag!
|
MARC
| LEADER | 00000nam a2200000 a 4500 | ||
|---|---|---|---|
| 001 | UCT3886 | ||
| 003 | CL-VaPUC | ||
| 008 | 961031e19760000CL |||||||||||||||||spa|d | ||
| 082 | 0 | 4 | |a 372.414 |b CON |2 21 |
| 100 | 0 | |a Condemarín Grimberg, Mabel |e author |9 372943 | |
| 245 | 1 | 0 | |a Lectura básica: teorías y técnicas |
| 300 | |a 199 p | ||
| 942 | |c BK | ||
| 945 | |d 19961031 00:00:00 |a nastorga | ||
| 260 | |a Santiago |b Universidad Católica de chile |c 1976 | ||
| 650 | 0 | |a Lectura |9 307634 | |
| 650 | 0 | |a Comunicación |9 257251 | |
| 650 | 0 | |a Desarrollo del lenguaje |9 311270 | |
| 650 | 0 | |a Audición |9 269632 | |
| 650 | 0 | |a Visión |9 269056 | |
| 650 | 0 | |a Lenguaje oral |9 354612 | |
| 650 | 0 | |a Enseñanza |9 256457 | |
| 650 | 0 | |a Vocabularios |9 316229 | |
| 650 | 0 | |a Lingüística |9 265068 | |
| 650 | 0 | |a Comprensión de lectura |9 307588 | |
| 583 | |a last modification |c 19961031 00:00:00 |k Rodrigo Vera | ||
| 999 | |c 253390 |d 253388 | ||
| 952 | |0 0 |1 0 |4 0 |6 372_414000000000000_CON_1976 |7 0 |8 P |9 274213 |a BIBEDU |b BIBEDU |c BIBEDU_PB |d 2019-11-19 |i 3241505 |o 372.414 CON 1976 |p 3241505 |r 2024-01-25 |w 2019-11-19 |y BK |k EDU | ||